[Event "South America-ch U20 11th"]
[Site "Barrancabermeja"]
[Date "2015.04.27"]
[Round "8"]
[White "Soto, Miguel Angel"]
[Black "Tjong Tjin, Joe Calvin"]
[Result "1-0"]
[WhiteElo "1995"]
[BlackElo "2042"]
[PlyCount "53"]
[EventDate "2015.04.22"]
[EventType "swiss"]
[EventRounds "9"]
[EventCountry "COL"]
[SourceTitle "CBM 166 Extra"]
[Source "ChessBase"]
[SourceDate "2015.06.18"]
[SourceVersion "1"]
[SourceVersionDate "2015.06.18"]
[SourceQuality "1"]

1. e4 c5 2. Nf3 d6 3. d4 cxd4 4. Nxd4 Nf6 5. Nc3 g6 6. Be3 Bg7 7. f3 0-0 8. Qd2 Nc6 9. Bc4 Bd7 10. 0-0-0 a6 11. Bb3 Rc8 12. h4 h5 13. g4 hxg4 14. h5 Nxh5 15. Rdg1 Ne5 16. Kb1 Rxc3 17. bxc3 Kh7 18. f4 Nc6 19. Nf5 Bxf5 20. exf5 Qa5 21. Qd3 Qb5 22. Qxb5 axb5 23. Rxg4 e6 24. Bxe6 Ne7 25. Bxf7 Rxf7 26. fxg6+ Nxg6 27. Rxh5+ 1-0

[Event "South America-ch U20 11th"]
[Site "Barrancabermeja"]
[Date "2015.04.22"]
[Round "1"]
[White "Tjong Tjin, Joe Calvin"]
[Black "Navarro, Luis Eduardo"]
[Result "1-0"]
[WhiteElo "2042"]
[BlackElo "1655"]
[PlyCount "43"]
[EventDate "2015.04.22"]
[EventType "swiss"]
[EventRounds "9"]
[EventCountry "COL"]
[SourceTitle "CBM 166 Extra"]
[Source "ChessBase"]
[SourceDate "2015.06.18"]
[SourceVersion "1"]
[SourceVersionDate "2015.06.18"]
[SourceQuality "1"]

1. d4 Nf6 2. c4 g6 3. Nc3 Bg7 4. e4 d6 5. Nf3 c6 6. Be2 a6 7. a4 0-0 8. 0-0 Nbd7 9. Qc2 Qc7 10. Be3 e6 11. h3 c5 12. dxc5 dxc5 13. Qd2 b6 14. Bf4 Qc6 15. e5 Nh5 16. Bh2 Bh8 17. Ng5 Bb7 18. Bf3 Qc7 19. Bxh5 gxh5 20. Qd3 f5 21. exf6 Qc6 22. Qxh7# 1-0

[Event "Olympiad-40"]
[Site "Istanbul"]
[Date "2012.09.07"]
[Round "10.4"]
[White "Van Hoolandt, Patrick"]
[Black "Tjong Tjin, Joe Calvin"]
[Result "1-0"]
[WhiteElo "2171"]
[BlackElo "1981"]
[PlyCount "73"]
[EventDate "2012.08.28"]
[EventType "team-swiss"]
[EventRounds "11"]
[EventCountry "TUR"]
[SourceTitle "CBM 151"]
[Source "ChessBase"]
[SourceDate "2012.11.13"]
[SourceVersion "1"]
[SourceVersionDate "2012.11.13"]
[SourceQuality "1"]
[WhiteTeam "Monaco"]
[BlackTeam "Surinam"]
[WhiteTeamCountry "MNC"]
[BlackTeamCountry "SUR"]

1. d4 Nf6 2. c4 g6 3. Nc3 Bg7 4. e4 d6 5. Nf3 c5 6. d5 Bg4 7. Bd3 Nbd7 8. h3 Bxf3 9. gxf3 Qb6 10. Rb1 Ne5 11. Be2 0-0 12. Bg5 Qb4 13. a3 Qa5 14. h4 a6 15. f4 Ned7 16. Qd2 Rfb8 17. h5 b5 18. hxg6 fxg6 19. cxb5 axb5 20. f3 b4 21. axb4 Qxb4 22. 0-0 h6 23. Bh4 Ra2 24. Qd3 Rxb2 25. Rxb2 Qxb2 26. Rb1 Qa3 27. Rxb8+ Nxb8 28. e5 Nfd7 29. Bxe7 dxe5 30. d6 Qc1+ 31. Kg2 exf4 32. Qd5+ Kh7 33. Bc4 Qc2+ 34. Ne2 h5 35. Bd3 Qb2 36. Qxh5+ Kg8 37. Bc4# 1-0

[Event "Olympiad-40"]
[Site "Istanbul"]
[Date "2012.09.01"]
[Round "5.4"]
[White "Lim, Zhuo Ren"]
[Black "Tjong Tjin, Joe Calvin"]
[Result "1-0"]
[WhiteElo "2120"]
[BlackElo "1981"]
[PlyCount "109"]
[EventDate "2012.08.28"]
[EventType "team-swiss"]
[EventRounds "11"]
[EventCountry "TUR"]
[SourceTitle "CBM 151"]
[Source "ChessBase"]
[SourceDate "2012.11.13"]
[SourceVersion "1"]
[SourceVersionDate "2012.11.13"]
[SourceQuality "1"]
[WhiteTeam "Malaysia"]
[BlackTeam "Surinam"]
[WhiteTeamCountry "MAS"]
[BlackTeamCountry "SUR"]

1. d4 Nf6 2. Nf3 g6 3. c4 Bg7 4. g3 0-0 5. Bg2 d5 6. cxd5 Nxd5 7. 0-0 Nc6 8. Nc3 Nb6 9. e3 Bg4 10. h3 Bxf3 11. Qxf3 e5 12. d5 Ne7 13. e4 Nc4 14. b3 Nd6 15. Ba3 f5 16. Qd3 f4 17. h4 h6 18. Bh3 Kh8 19. Rac1 g5 20. hxg5 hxg5 21. Qf3 Rf6 22. Be6 fxg3 23. Qxg3 Ng6 24. Qh3+ Nh4 25. f3 Rh6 26. Qg3 Ng6 27. Rf2 Nf4 28. Rh2 Qf6 29. Rcc2 Rf8 30. Rxh6+ Bxh6 31. Bg4 Rf7 32. Rh2 Kg7 33. Qf2 a6 34. Qc2 Kg8 35. Ne2 Kg7 36. Ng3 Kg8 37. Nh5 Nxh5 38. Rxh5 Kg7 39. Bb2 Nb5 40. Qh2 Re7 41. Rxh6 Qxh6 42. Bxe5+ Rxe5 43. Qxe5+ Qf6 44. Qxf6+ Kxf6 45. Kf2 Ke5 46. Kg3 a5 47. Bc8 b6 48. Kg4 Nd4 49. Bd7 b5 50. Be8 b4 51. Bh5 Nxb3 52. axb3 a4 53. d6 cxd6 54. bxa4 Kf6 55. Be8 1-0

[Event "SUR-ch"]
[Site "Paramaribo"]
[Date "2012.03.31"]
[Round "11"]
[White "Tjong Tjin, Joe Calvin"]
[Black "Naipal, Ekaterina"]
[Result "1-0"]
[WhiteElo "1960"]
[BlackElo "1821"]
[PlyCount "83"]
[EventDate "2012.03.14"]
[EventType "tourn"]
[EventRounds "13"]
[EventCountry "SUR"]
[SourceTitle "EXT 2013"]
[Source "ChessBase"]
[SourceDate "2012.11.22"]
[SourceVersion "1"]
[SourceVersionDate "2012.11.22"]
[SourceQuality "1"]

1. Nf3 Nf6 2. b3 d5 3. Bb2 c5 4. d4 Nc6 5. e3 Bg4 6. Bd3 cxd4 7. exd4 e6 8. 0-0 Bd6 9. Nbd2 0-0 10. a3 Rc8 11. Qb1 Re8 12. Ne5 Bh5 13. c4 Bg6 14. Kh1 Bxd3 15. Qxd3 dxc4 16. Nexc4 e5 17. Qg3 Bc7 18. dxe5 Nxe5 19. Bxe5 Bxe5 20. Nxe5 Qxd2 21. Nc4 Qe2 22. h3 b5 23. Nd6 Ne4 24. Nxe4 Qxe4 25. f4 Rc2 26. f5 f6 27. Rad1 Qc6 28. Rd3 Rc1 29. Rxc1 Qxc1+ 30. Kh2 Qxa3 31. Rd7 Qf8 32. Rxa7 Rd8 33. Rb7 b4 34. Qf4 Qd6 35. Qxd6 Rxd6 36. Rxb4 Rd5 37. Rb8+ Kf7 38. Rb7+ Kf8 39. b4 Rxf5 40. b5 Re5 41. b6 Re8 42. Rc7 1-0

[Event "SUR-ch"]
[Site "Paramaribo"]
[Date "2011.03.04"]
[Round "7"]
[White "Lo Kim Lin, Frank"]
[Black "Tjong Tjin, Joe Calvin"]
[Result "0-1"]
[WhiteElo "1987"]
[BlackElo "1885"]
[PlyCount "68"]
[EventDate "2011.02.18"]
[EventType "tourn"]
[EventRounds "13"]
[EventCountry "SUR"]
[SourceTitle "EXT 2013"]
[Source "ChessBase"]
[SourceDate "2012.11.22"]
[SourceVersion "1"]
[SourceVersionDate "2012.11.22"]
[SourceQuality "1"]

1. e4 c5 2. Nf3 g6 3. d4 Bg7 4. Be3 Nc6 5. Nc3 cxd4 6. Nxd4 d6 7. Qd2 Nf6 8. f3 0-0 9. Bc4 e6 10. 0-0-0 d5 11. exd5 exd5 12. Bb3 a5 13. g4 Be6 14. h4 Bxg4 15. fxg4 Nxg4 16. Bg5 Qb6 17. Nxc6 bxc6 18. Na4 Qa7 19. Rde1 Rfe8 20. Rhf1 h6 21. Bf4 Bf8 22. a3 Red8 23. Qe2 h5 24. Nc3 Qb7 25. Qd3 Bg7 26. Na4 Bf8 27. Bg5 Rd7 28. Qd4 c5 29. Qd2 c4 30. Ba2 Rc8 31. Qxa5 Ra8 32. Qb6 Rxa4 33. Qd4 Bg7 34. Bf6 Nxf6 0-1

[Event "SUR-ch"]
[Site "Paramaribo"]
[Date "2010.??.??"]
[Round "5"]
[White "Tjong Tjin, Joe Calvin"]
[Black "Giasi, Viresh"]
[Result "1/2-1/2"]
[WhiteElo "1860"]
[BlackElo "1950"]
[PlyCount "51"]
[EventDate "2010.03.??"]
[EventType "tourn"]
[EventRounds "13"]
[EventCountry "SUR"]
[SourceTitle "EXT 2012"]
[Source "ChessBase"]
[SourceDate "2011.11.24"]
[SourceVersion "1"]
[SourceVersionDate "2011.11.24"]
[SourceQuality "1"]

1. e4 e5 2. f4 exf4 3. Nf3 g5 4. Bc4 g4 5. 0-0 gxf3 6. Qxf3 Bh6 7. d3 d6 8. Nc3 Be6 9. Bxe6 fxe6 10. Qh5+ Kd7 11. Bxf4 Bxf4 12. Rxf4 Ne7 13. Raf1 Nbc6 14. Rf7 Ne5 15. R7f6 Qg8 16. d4 Qg4 17. Qh6 Ng8 18. Rf7+ Nxf7 19. Rxf7+ Ne7 20. Rg7 Qxg7 21. Qxg7 Rag8 22. Qh6 Rg6 23. Qe3 Rhg8 24. g3 h5 25. Ne2 h4 26. Qb3 1/2-1/2

[Event "SUR-ch"]
[Site "Paramaribo"]
[Date "2010.??.??"]
[Round "2"]
[White "Tjong Tjin, Joe Calvin"]
[Black "Hanoeman, Suradj"]
[Result "0-1"]
[WhiteElo "1860"]
[BlackElo "1985"]
[PlyCount "54"]
[EventDate "2010.03.??"]
[EventType "tourn"]
[EventRounds "13"]
[EventCountry "SUR"]
[SourceTitle "EXT 2012"]
[Source "ChessBase"]
[SourceDate "2011.11.24"]
[SourceVersion "1"]
[SourceVersionDate "2011.11.24"]
[SourceQuality "1"]

1. e4 c5 2. Nf3 d6 3. d4 cxd4 4. Nxd4 Nf6 5. Nc3 a6 6. Be2 e5 7. Nb3 Be7 8. 0-0 0-0 9. f4 b5 10. Bf3 Bb7 11. Qe2 Nbd7 12. f5 Rc8 13. a3 Nb6 14. g4 Rxc3 15. bxc3 d5 16. g5 dxe4 17. Bg2 Nfd5 18. f6 Bd6 19. fxg7 Kxg7 20. Qxe4 Qe7 21. Qh4 Nxc3 22. Qh6+ Kg8 23. Re1 Bxg2 24. Kxg2 Qb7+ 25. Kg1 Nc4 26. Bd2 Nxd2 27. Nxd2 Bc5+ 0-1